[Event "GER-chT U20"]
[Site "Duesseldorf"]
[Date "2017.12.30"]
[Round "7.6"]
[White "Schaefer, Daniel1"]
[Black "Schneider, Edward"]
[Result "1/2-1/2"]
[WhiteElo "1797"]
[BlackElo "1673"]
[PlyCount "63"]
[EventDate "2017.12.27"]
[EventType "team-swiss"]
[EventRounds "7"]
[EventCountry "GER"]
[SourceTitle "CBM 182 Extra"]
[Source "ChessBase"]
[SourceDate "2018.02.23"]
[SourceVersion "1"]
[SourceVersionDate "2018.02.23"]
[SourceQuality "1"]
[WhiteTeam "Heilbronn U20"]
[BlackTeam "Sasbach U20"]
[WhiteTeamCountry "GER"]
[BlackTeamCountry "GER"]

1. d4 d5 2. c4 e6 3. cxd5 exd5 4. Nc3 Nf6 5. Bg5 Be7 6. e3 0-0 7. Bd3 h6 8. Bh4 Re8 9. Nge2 c6 10. Qc2 Ne4 11. Bxe7 Qxe7 12. Bxe4 dxe4 13. Ng3 f5 14. Nge2 Nd7 15. h4 Nf6 16. h5 Be6 17. Nf4 Bf7 18. Nce2 Rac8 19. Qc5 Nd5 20. Qxe7 Rxe7 21. a3 Nxf4 22. Nxf4 c5 23. Rc1 Rec7 24. dxc5 Rxc5 25. Rxc5 Rxc5 26. Kd2 Kf8 27. b4 Rc6 28. Rc1 Rxc1 29. Kxc1 Ke7 30. Kc2 Kd6 31. Kc3 Ke5 32. Kc2 1/2-1/2

[Event "GER-ch U25-A"]
[Site "Willingen"]
[Date "2017.06.10"]
[Round "9"]
[White "Schneider, Edward"]
[Black "Hoppe, Nico"]
[Result "1-0"]
[WhiteElo "1683"]
[BlackElo "1381"]
[PlyCount "51"]
[EventDate "2017.06.04"]
[EventType "swiss"]
[EventRounds "9"]
[EventCountry "GER"]
[SourceTitle "CBM 178 Extra"]
[Source "ChessBase"]
[SourceDate "2017.06.22"]
[SourceVersion "1"]
[SourceVersionDate "2017.06.22"]
[SourceQuality "1"]

1. e4 c6 2. c4 d5 3. exd5 cxd5 4. cxd5 Qxd5 5. Nc3 Qe5+ 6. Be2 Bg4 7. d4 Bxe2 8. Ngxe2 Qa5 9. 0-0 a6 10. Bf4 Nf6 11. d5 Nbd7 12. Rc1 g6 13. Qd2 Bg7 14. Rfd1 0-0 15. Bh6 b5 16. Bxg7 Kxg7 17. Nd4 Ne5 18. Qe2 Nc4 19. b3 Nb6 20. Qxe7 Rfe8 21. Ne6+ Kg8 22. Qxf6 fxe6 23. dxe6 b4 24. Ne4 Rf8 25. Qe7 Qf5 26. Rc7 1-0

[Event "GER-ch U25-A"]
[Site "Willingen"]
[Date "2017.06.05"]
[Round "3"]
[White "May, Ben Iven"]
[Black "Schneider, Edward"]
[Result "1/2-1/2"]
[WhiteElo "1539"]
[BlackElo "1683"]
[PlyCount "69"]
[EventDate "2017.06.04"]
[EventType "swiss"]
[EventRounds "9"]
[EventCountry "GER"]
[SourceTitle "CBM 178 Extra"]
[Source "ChessBase"]
[SourceDate "2017.06.22"]
[SourceVersion "1"]
[SourceVersionDate "2017.06.22"]
[SourceQuality "1"]

1. e4 e5 2. Nf3 Nc6 3. Bc4 Bc5 4. c3 Nf6 5. d3 d6 6. Bb3 a6 7. Nbd2 0-0 8. Nf1 Re8 9. Ng3 d5 10. 0-0 h6 11. Be3 Bxe3 12. fxe3 dxe4 13. dxe4 Qxd1 14. Raxd1 Na5 15. Nh4 Nxb3 16. axb3 Be6 17. b4 Rad8 18. Nhf5 Bxf5 19. exf5 Nd5 20. Rfe1 Nb6 21. Ne4 Nc4 22. Rxd8 Rxd8 23. Re2 b6 24. Kf2 Nd6 25. Nxd6 Rxd6 26. Kf3 f6 27. h4 Kf7 28. g4 Rd1 29. Kg3 g6 30. Kg2 Rd3 31. Kf3 g5 32. Rh2 gxh4 33. Rxh4 Kg7 34. Rh2 Rd1 35. Kg3 1/2-1/2

[Event "GER-chT U16"]
[Site "Lingen"]
[Date "2015.12.28"]
[Round "3.4"]
[White "Yaroshenko, Yaroslav"]
[Black "Schneider, Edward"]
[Result "1-0"]
[WhiteElo "1561"]
[BlackElo "1592"]
[PlyCount "109"]
[EventDate "2015.12.27"]
[EventType "team-swiss"]
[EventRounds "7"]
[EventCountry "GER"]
[SourceTitle "EXT 2017"]
[Source "ChessBase"]
[SourceDate "2016.10.25"]
[SourceVersion "1"]
[SourceVersionDate "2016.10.25"]
[SourceQuality "1"]
[WhiteTeam "Graefelfing"]
[BlackTeam "Sasbach"]
[WhiteTeamCountry "GER"]
[BlackTeamCountry "GER"]

1. d4 d5 2. c4 e6 3. Nf3 Nf6 4. Bf4 c5 5. e3 cxd4 6. Nxd4 Bb4+ 7. Nd2 0-0 8. a3 Bxd2+ 9. Qxd2 Ne4 10. Qc2 Nc6 11. Nxc6 bxc6 12. Bd3 f5 13. 0-0 Qf6 14. f3 Ng5 15. cxd5 cxd5 16. e4 Bb7 17. Bxg5 Qxg5 18. exf5 exf5 19. Rae1 Qf6 20. Re2 Rac8 21. Qd2 Rce8 22. Rfe1 Rxe2 23. Rxe2 Rc8 24. Qe1 h6 25. Re5 g6 26. Re8+ Rxe8 27. Qxe8+ Kg7 28. Qd7+ Qf7 29. Qxf7+ Kxf7 30. Kf2 Ke6 31. Ke3 Ke5 32. f4+ Kd6 33. Kd4 Bc6 34. b3 Bb7 35. b4 a6 36. a4 Bc8 37. a5 Bb7 38. b5 axb5 39. Bxb5 Bc8 40. h4 Bb7 41. Be8 Ke6 42. Bxg6 Kf6 43. Bh5 Ke6 44. g4 Kf6 45. g5+ hxg5 46. hxg5+ Ke6 47. Kc5 Ba8 48. Be2 Bb7 49. a6 Ba8 50. a7 Bb7 51. Bb5 Ba8 52. Bc6 Bxc6 53. Kxc6 d4 54. a8Q d3 55. Qe8# 1-0

[Event "GER-ch U12"]
[Site "Willingen"]
[Date "2015.05.28"]
[Round "8"]
[White "Schneider, Edward"]
[Black "Muedder, Melanie"]
[Result "0-1"]
[WhiteElo "1395"]
[BlackElo "1511"]
[PlyCount "34"]
[EventDate "2015.05.24"]
[EventType "swiss"]
[EventRounds "11"]
[EventCountry "GER"]
[SourceTitle "CBM 166 Extra"]
[Source "ChessBase"]
[SourceDate "2015.06.18"]
[SourceVersion "1"]
[SourceVersionDate "2015.06.18"]
[SourceQuality "1"]

1. e4 e5 2. Nf3 Nc6 3. d4 exd4 4. Bc4 Nf6 5. e5 d5 6. Bb5 Ne4 7. Nxd4 Bc5 8. Be3 0-0 9. Nxc6 bxc6 10. Bxc5 Nxc5 11. Bxc6 Qg5 12. 0-0 Rb8 13. Qxd5 Ne6 14. b3 Nf4 15. Qd2 Bh3 16. Nc3 Bxg2 17. Ne4 Nh3# 0-1

[Event "GER-ch U12"]
[Site "Willingen"]
[Date "2015.05.27"]
[Round "6"]
[White "Brunner, Sophia"]
[Black "Schneider, Edward"]
[Result "1-0"]
[WhiteElo "1559"]
[BlackElo "1395"]
[PlyCount "73"]
[EventDate "2015.05.24"]
[EventType "swiss"]
[EventRounds "11"]
[EventCountry "GER"]
[SourceTitle "CBM 166 Extra"]
[Source "ChessBase"]
[SourceDate "2015.06.18"]
[SourceVersion "1"]
[SourceVersionDate "2015.06.18"]
[SourceQuality "1"]

1. e4 e5 2. Nf3 Nc6 3. d4 exd4 4. Nxd4 Bc5 5. Nb3 Bb6 6. Nc3 Nf6 7. Qe2 0-0 8. Bg5 h6 9. Bh4 Re8 10. 0-0-0 d6 11. Nd5 g5 12. Bg3 Nxe4 13. Re1 Bf5 14. Qf3 Bg6 15. Bd3 f5 16. Bxe4 Rxe4 17. Rxe4 fxe4 18. Nf6+ Kf7 19. Nxe4+ Kg7 20. Qc3+ Kf7 21. Re1 Bxe4 22. Rxe4 Qf6 23. Qd2 Kg6 24. Qe3 Kg7 25. Qe2 Rf8 26. f3 Nd4 27. Nxd4 Bxd4 28. c3 Bb6 29. h4 Kf7 30. hxg5 hxg5 31. f4 Kg7 32. fxg5 Qxg5+ 33. Kc2 Qg6 34. Kb3 Qf7+ 35. c4 Qf6 36. Rf4 Qh6 37. Qe7+ 1-0

[Event "GER-ch U12"]
[Site "Willingen"]
[Date "2015.05.25"]
[Round "3"]
[White "Schneider, Edward"]
[Black "Sulayev, Daniel"]
[Result "0-1"]
[WhiteElo "1395"]
[BlackElo "1622"]
[PlyCount "64"]
[EventDate "2015.05.24"]
[EventType "swiss"]
[EventRounds "11"]
[EventCountry "GER"]
[SourceTitle "CBM 166 Extra"]
[Source "ChessBase"]
[SourceDate "2015.06.18"]
[SourceVersion "1"]
[SourceVersionDate "2015.06.18"]
[SourceQuality "1"]

1. e4 e5 2. Nf3 Nc6 3. d4 exd4 4. Bc4 Nf6 5. e5 d5 6. Bb5 Nd7 7. 0-0 Be7 8. c3 dxc3 9. Nxc3 Nb6 10. Nd4 Bd7 11. Bxc6 bxc6 12. f4 c5 13. Nf3 c6 14. b3 0-0 15. Bb2 d4 16. Ne2 Nd5 17. Qd2 Ne3 18. Rfc1 Bg4 19. Ne1 Qd5 20. Ng3 Bh4 21. Nd3 Bxg3 22. hxg3 Nf5 23. Rxc5 Qd7 24. Qf2 Rfd8 25. Rac1 Rac8 26. R5c4 a5 27. Rc5 Qc7 28. R1c4 Qb6 29. Bxd4 Nxd4 30. Rxd4 Rxd4 31. Qxd4 Rd8 32. Rxc6 Qxd4+ 0-1